00672nam a22001937a 450000500170000001000150001702000260003203500140005803700090007208200080008110000270008924500660011626000390018227000700022130000200029194200220031199900190033395201260035220250311152932.0 aENG-144038 c495.00a9788119547920 aEN-127570 bDBAD a901 aSingh, Rajinder979552 aThe Secular Maharaja;cRajinder SinghbMaharaja Ranjit Singh/ aDelhibShri Ganesh Prakashanc2024 bDelhia#32 Block 4, Subhash Gali, Vishwas Nagar, Shahdarae110032 a264p.c21cm(pb) 2ddccENh921mRAJ c210251d210251 001040708NFICaJPbJPd2025-03-11eDBADg495.00l0o921 RAJpEN-127570r2025-03-11 00:00:00t1v495.00w2025-03-11yEN